Diseño del sistema de alcantarillado sanitario tipo condominial y drenaje pluvial de la urbanización Utrecht-León
Presenta el diseño del sistema de alcantarillado sanitario tipo condominial y el drenaje pluvial para la urbanización "UTRECH-LEÓN" en el cual se demuestra la necesidad de los sistemas para la urbanización en cuestión, explicando la metodología, resultados y conclusiones. Los criteri...
| Main Authors: | , |
|---|---|
| Other Authors: | |
| Format: | Tesis Section = Libro |
| Language: | Undetermined Spanish |
| Published: |
Managua
UNI
2014
|
| Subjects: |
| LEADER | 01683nam a2200277Ia 4500 | ||
|---|---|---|---|
| 008 | 240830s9999 xx 000 0 und d | ||
| 040 | |a BIBLIOTECA-RUPAP Mon 628.2 M777 | ||
| 041 | |a spa | ||
| 082 | |a Mon 628.2 M777 | ||
| 100 | 1 | |a Montenegro Aguirre, Gerardo Paul | |
| 100 | 1 | |b Cruz Chévez, Luis Octavio | |
| 245 | 1 | 0 | |a Diseño del sistema de alcantarillado sanitario tipo condominial y drenaje pluvial de la urbanización Utrecht-León |
| 260 | |a Managua |b UNI |c 2014 | ||
| 300 | |a 97 p. :il. | ||
| 500 | |a Contiene: anexos e Incluye: CD. | ||
| 502 | |a Tesis (Ingeniero Civil)- UNI, 2014. | ||
| 520 | 3 | |a Presenta el diseño del sistema de alcantarillado sanitario tipo condominial y el drenaje pluvial para la urbanización "UTRECH-LEÓN" en el cual se demuestra la necesidad de los sistemas para la urbanización en cuestión, explicando la metodología, resultados y conclusiones. Los criterios de diseño y conceptos teóricos básicos en los cuales se basan ambos sistemas son apoyados en normativas nacionales e internacionales como son: Las modificaciones a la NORMA BOLIVIANA NB — 688, la normativa de alcantarillado Condominial emitida por el INAA para el alcantarillado Condominial; y el reglamento de drenaje pluvial para la ciudad de Managua y las NB 688 (Diseño de cunetas y sumideros) para el diseño del alcantarillado pluvial y sus componentes. | |
| 650 | 7 | |a ALCANTARILLADO SANITARIO | |
| 650 | 7 | |b DRENAJE PLUVIAL | |
| 650 | 7 | |c TRATAMIENTO DE AGUAS RESIDUALES | |
| 650 | 7 | |d INGENIERÍA SANITARIA | |
| 650 | 7 | |e ALCANTARILLADO PLUVIAL | |
| 700 | 1 | |a Tutor: |b Baldizón Aguilar, María Elena | |
| 942 | |c BK |2 ddc | ||
| 991 | |a TESIS | ||
| 999 | |c 16328 | ||